000 00693nam a2200253Ia 4500
003 0100
005 20150907150749.0
008 130303s9999 xx 000 0 und d
040 _cARRUPELIB
050 _aBC177.P4313 1971
100 _aPerelman, Chaim
_919088
245 4 _aThe new rhetoric
245 _ba treatise on argumentation
260 _aLondon
260 _bUniversity of Notre Dame Press
_c1971
300 _ax
300 _b 566p. 24cm.
650 _aOratory
_919089
650 _aRhetoric
_915927
650 _aReasoning
_912415
700 _aWilkinson, John ; Weaver, Purcell trs.
_919090
700 _aOlbrechts-Tyteca, Lucie
_919406
942 _2lcc
_cMONOGRAPH
999 _c62520
_d62520